<?xml version="1.0" encoding="UTF-8"?><?xml-stylesheet type="text/xsl" href="static/style.xsl"?><OAI-PMH xmlns="http://www.openarchives.org/OAI/2.0/" xmlns:xsi="http://www.w3.org/2001/XMLSchema-instance" xsi:schemaLocation="http://www.openarchives.org/OAI/2.0/ http://www.openarchives.org/OAI/2.0/OAI-PMH.xsd"><responseDate>2026-05-17T01:44:07Z</responseDate><request verb="GetRecord" identifier="oai:repisalud.isciii.es:20.500.12105/18744" metadataPrefix="marc">https://repisalud.isciii.es/rest/oai/request</request><GetRecord><record><header><identifier>oai:repisalud.isciii.es:20.500.12105/18744</identifier><datestamp>2024-02-27T15:10:23Z</datestamp><setSpec>com_20.500.12105_15322</setSpec><setSpec>com_20.500.12105_2051</setSpec><setSpec>col_20.500.12105_16927</setSpec><setSpec>col_20.500.12105_16982</setSpec></header><metadata><record xmlns="http://www.loc.gov/MARC21/slim" xmlns:dcterms="http://purl.org/dc/terms/" xmlns:doc="http://www.lyncode.com/xoai" xmlns:xsi="http://www.w3.org/2001/XMLSchema-instance" xsi:schemaLocation="http://www.loc.gov/MARC21/slim http://www.loc.gov/standards/marcxml/schema/MARC21slim.xsd">
   <leader>00925njm 22002777a 4500</leader>
   <datafield ind2=" " ind1=" " tag="042">
      <subfield code="a">dc</subfield>
   </datafield>
   <datafield ind2=" " ind1=" " tag="720">
      <subfield code="a">Gómez-Garcia, Ignacio</subfield>
      <subfield code="e">author</subfield>
   </datafield>
   <datafield ind2=" " ind1=" " tag="720">
      <subfield code="a">García-Puga, Teresa</subfield>
      <subfield code="e">author</subfield>
   </datafield>
   <datafield ind2=" " ind1=" " tag="720">
      <subfield code="a">Font-Ugalde, Pilar</subfield>
      <subfield code="e">author</subfield>
   </datafield>
   <datafield ind2=" " ind1=" " tag="720">
      <subfield code="a">Puche-Larrubia, Maria Angeles</subfield>
      <subfield code="e">author</subfield>
   </datafield>
   <datafield ind2=" " ind1=" " tag="720">
      <subfield code="a">Barbarroja, Nuria</subfield>
      <subfield code="e">author</subfield>
   </datafield>
   <datafield ind2=" " ind1=" " tag="720">
      <subfield code="a">Ruiz-Limón, Patricia</subfield>
      <subfield code="e">author</subfield>
   </datafield>
   <datafield ind2=" " ind1=" " tag="720">
      <subfield code="a">Escudero-Contreras, Alejandro</subfield>
      <subfield code="e">author</subfield>
   </datafield>
   <datafield ind2=" " ind1=" " tag="720">
      <subfield code="a">Collantes-Estévez, Eduardo</subfield>
      <subfield code="e">author</subfield>
   </datafield>
   <datafield ind2=" " ind1=" " tag="720">
      <subfield code="a">López-Medina, Clementina</subfield>
      <subfield code="e">author</subfield>
   </datafield>
   <datafield ind2=" " ind1=" " tag="260">
      <subfield code="c">2022-08-22</subfield>
   </datafield>
   <datafield ind2=" " ind1=" " tag="520">
      <subfield code="a">The relationship of psoriasis and spondyloarthritis (SpA) is well-known, and the age of appearance of different manifestations has been described as a determinant of SpA phenotype. However, differences between Spa with psoriasis and psoriatic arthritis (PsA) are still controversial. To evaluate whether the time of onset of psoriasis relative to the appearance of rheumatic symptoms in patients with SpA is associated with a clinical phenotype, a rheumatologist's diagnosis and the evolution of the disease. This was a cross-sectional study with data extracted from the REGISPONSER (Spondyloarthritis Registry of the Spanish Rheumatology Society) registry. All patients had data available for both psoriasis and SpA dates of onset. Patients were classified into two groups depending on the time of appearance of psoriasis: psoriasis before or after rheumatic symptoms. The clinical characteristics, disease activity, radiographic damage, functional ability and received treatments were compared between the two groups. Moreover, the rheumatologists' diagnoses were compared between the two groups. Univariate and multivariate logistic regressions were conducted to evaluate the factors associated with each group. A total of 433/2367 (18.3%) patients included in the REGISPONSER database had psoriasis: 330 (76.2%) patients had psoriasis before rheumatic symptoms, and 103 (23.8%) had psoriasis after rheumatic symptoms. Patients with psoriasis before rheumatic symptoms had a shorter disease duration and a lower body mass index, a lower prevalence of both HLA-B27 antigens and anterior uveitis, a higher prevalence of dactylitis and an increase in levels of the erythrocyte sedimentation rate (ESR). Furthermore, a higher prevalence of PsA diagnoses (78.1% versus 56.4%) and a more frequent fulfilment of the CASPAR criteria (57.5% versus 42.2%) were found in these patients. The use of DMARDs was not significantly different between the two groups. The time of appearance of psoriasis is associated with the clinical phenotype of SpA and could determine a diagnosis of PsA by rheumatologists.</subfield>
   </datafield>
   <datafield ind1="8" ind2=" " tag="024">
      <subfield code="a">10.1177/1759720X221118055</subfield>
   </datafield>
   <datafield ind1="8" ind2=" " tag="024">
      <subfield code="a">1759-720X</subfield>
   </datafield>
   <datafield ind1="8" ind2=" " tag="024">
      <subfield code="a">Therapeutic advances in musculoskeletal disease</subfield>
   </datafield>
   <datafield ind1="8" ind2=" " tag="024">
      <subfield code="a">http://hdl.handle.net/10668/20214</subfield>
   </datafield>
   <datafield ind1="8" ind2=" " tag="024">
      <subfield code="a">36051633</subfield>
   </datafield>
   <datafield ind1="8" ind2=" " tag="024">
      <subfield code="a">http://hdl.handle.net/20.500.12105/18744</subfield>
   </datafield>
   <datafield tag="653" ind2=" " ind1=" ">
      <subfield code="a">psoriasis</subfield>
   </datafield>
   <datafield tag="653" ind2=" " ind1=" ">
      <subfield code="a">psoriatic arthritis</subfield>
   </datafield>
   <datafield tag="653" ind2=" " ind1=" ">
      <subfield code="a">spondyloarthritis</subfield>
   </datafield>
   <datafield ind2="0" ind1="0" tag="245">
      <subfield code="a">Relationship between onset of psoriasis and spondyloarthritis symptoms with clinical phenotype and diagnosis: data from REGISPONSER registry.</subfield>
   </datafield>
</record></metadata></record></GetRecord></OAI-PMH>